000 00546nam a2200169Ia 4500
999 _c1709
_d1709
020 _a81-85004-36-6
082 _aRR 016.305230954 VYA
100 _aVyas, Anju
245 0 _aGirl child in India: a bibliographical compendium
260 _aNew Delhi
_bIndian Bibliographies Bureau
_c1992
300 _axviii, 205p.
504 _aIncludes index /Ref. book
650 _aGirls - Bibliography - India
700 _aMudgal, Madhu
710 _aIndia. Ministry of Human Resource Development. Department of Women and Child Development
942 _cBK